000 00433nam a2200157Ia 4500
008 100122s9999 xx 000 0 und d
082 _b71882
_a823.08
100 _aकिणीकर रॉय
245 _aकोनार्क
250 _a0
260 _bडायमंड पब्लिकेशन्स
_c2007
300 _a123
630 _aकोनार्क
730 _aकोनार्क
942 _cBOOK
999 _c442319
_d442316